Loading...
| Literature - World/Other Literature | 0 | 5 | 0 | 0 | 50 | 82 | 96.40 | 0 | 2 |
| Fine Arts - Visual Fine Arts | 0 | 5 | 1 | 0 | 45 | 88 | 111.60 | 0 | 0 |
| Philosophy | 0 | 4 | 0 | 1 | 40 | 106 | 118.75 | 0 | 0 |
| Social Science | 0 | 4 | 0 | 1 | 40 | 76 | 90.00 | 0 | 1 |
| Literature - American Literature | 0 | 4 | 0 | 0 | 40 | 66 | 82.00 | 1 | 2 |
| Literature - European Literature | 0 | 4 | 2 | 1 | 30 | 71 | 95.50 | 0 | 2 |
| History - Other History | 0 | 3 | 1 | 2 | 25 | 104 | 116.33 | 0 | 0 |
| Religion | 0 | 2 | 0 | 1 | 20 | 121 | 127.00 | 0 | 0 |
| Fine Arts - Other Fine Arts | 0 | 2 | 0 | 0 | 20 | 116 | 119.00 | 0 | 0 |
| History - American History | 0 | 2 | 1 | 2 | 15 | 120 | 122.50 | 0 | 1 |
| Science - Physics | 0 | 1 | 0 | 0 | 10 | 80 | 80.00 | 0 | 0 |
| History - World History | 0 | 1 | 0 | 0 | 10 | 66 | 66.00 | 0 | 1 |
| History - European History | 0 | 1 | 0 | 0 | 10 | 92 | 92.00 | 0 | 0 |
| Science - Biology | 0 | 1 | 0 | 0 | 10 | 126 | 126.00 | 0 | 0 |
| Literature - British Literature | 0 | 1 | 1 | 0 | 5 | 75 | 75.00 | 0 | 1 |
| Fine Arts - Classical Music | 0 | 0 | 0 | 0 | 0 | 0.00 | 0 | 0 | |
| Mythology | 0 | 0 | 1 | 0 | -5 | 0.00 | 0 | 0 | |
| Geography/Current Events | 0 | 0 | 1 | 0 | -5 | 0.00 | 0 | 0 |